000 00360nam a2200133Ia 4500
005 20251222141819.0
008 251222s9999||||xx |||||||||||||| ||spa||
020 _a84-293-0550-5
082 _a201/W74
100 _aWittschier, Sturm-Marya
245 0 _aAntropología y teología para una educación cristiana responsable
264 _bSal Terrae
942 _cLIB
999 _c6734
_d6734